[Event "BRA-ch 87th"]
[Site "Cuiaba"]
[Date "2021.11.02"]
[Round "9"]
[White "Felicio, Leonardo Demetrio"]
[Black "Ribeiro Carrico, Victor Hugo"]
[Result "1/2-1/2"]
[WhiteElo "1896"]
[BlackElo "1791"]
[PlyCount "106"]
[EventDate "2021.10.28"]
[EventType "swiss"]
[EventRounds "11"]
[EventCountry "BRA"]
[SourceTitle "CBM 205 Extra"]
[Source "ChessBase"]
[SourceDate "2022.01.31"]
[SourceVersion "1"]
[SourceVersionDate "2022.01.31"]
[SourceQuality "1"]

1. d4 Nf6 2. c4 e6 3. Nc3 Bb4 4. f3 d5 5. a3 Bxc3+ 6. bxc3 c5 7. cxd5 Nxd5 8. dxc5 0-0 9. c4 Qf6 10. Rb1 Nc3 11. Bb2 Qh4+ 12. g3 Nxd1 13. gxh4 Ne3 14. Rc1 Rd8 15. Nh3 e5 16. Nf2 Nc6 17. Bh3 Bxh3 18. Nxh3 f6 19. Nf2 Na5 20. Rc3 Naxc4 21. Bc1 Rac8 22. Bxe3 Nxe3 23. Rxe3 Rxc5 24. 0-0 Ra5 25. Rb1 b5 26. Reb3 Rd2 27. Kf1 a6 28. Rd1 Ra2 29. Rdd3 Ra1+ 30. Nd1 Ra4 31. Rbc3 Rxh4 32. Rd7 Rc4 33. Rxc4 bxc4 34. Kf2 Rxa3 35. Rc7 Ra1 36. Nc3 a5 37. Rxc4 Kf7 38. Na4 Ke6 39. Ke3 Kf5 40. Nc5 h5 41. Rh4 Kg5 42. Rc4 Kf5 43. Ra4 Rxa4 44. Nxa4 Kg5 45. Kf2 Kh4 46. Kg2 f5 47. e3 f4 48. exf4 exf4 49. Nc5 g5 50. h3 g4 51. hxg4 hxg4 52. fxg4 Kxg4 53. Kf2 f3 1/2-1/2

[Event "BRA-ch 87th"]
[Site "Cuiaba"]
[Date "2021.10.29"]
[Round "2"]
[White "Ribeiro Carrico, Victor Hugo"]
[Black "Santos, Wenesley da Luz"]
[Result "1-0"]
[WhiteElo "1791"]
[BlackElo "1286"]
[PlyCount "103"]
[EventDate "2021.10.28"]
[EventType "swiss"]
[EventRounds "11"]
[EventCountry "BRA"]
[SourceTitle "CBM 205 Extra"]
[Source "ChessBase"]
[SourceDate "2022.01.31"]
[SourceVersion "1"]
[SourceVersionDate "2022.01.31"]
[SourceQuality "1"]

1. e4 c5 2. Nf3 d6 3. d4 cxd4 4. Nxd4 Nf6 5. Nc3 e6 6. Be3 a6 7. Be2 Nc6 8. 0-0 Nxd4 9. Qxd4 e5 10. Qd2 Be7 11. f4 0-0 12. Kh1 b5 13. Bf3 Bg4 14. fxe5 dxe5 15. Nd5 Bxf3 16. Nxe7+ Qxe7 17. gxf3 Rfd8 18. Qg2 Nh5 19. Rg1 Kh8 20. Qg4 g6 21. Bh6 Qd7 22. Bg5 f6 23. Qxh5 fxg5 24. Qxg5 Qe6 25. Rad1 Rf8 26. Kg2 Kg7 27. Rd5 Rae8 28. Rgd1 Rf7 29. a4 bxa4 30. Qd2 Qf6 31. Qd3 Qg5+ 32. Kh1 Qh5 33. Rd7 Ref8 34. c4 Rxd7 35. Qxd7+ Rf7 36. Qg4 Rxf3 37. Rd7+ Rf7 38. Qxh5 gxh5 39. Rd5 Rc7 40. c5 Kf6 41. Rd6+ Ke7 42. Rxa6 Rxc5 43. Rxa4 Rc2 44. b3 h4 45. Kg1 h3 46. Ra7+ Kd6 47. Rxh7 Rc1+ 48. Kf2 Rc2+ 49. Kg3 Rc3+ 50. Kg4 Rxb3 51. Rxh3 Rb8 52. Rh6+ 1-0

[Event "Rio Negrinho Froebel op"]
[Site "Rio Negrinho"]
[Date "2021.07.09"]
[Round "1"]
[White "Ribeiro Carrico, Victor Hugo"]
[Black "Blaskosky, Vinicius"]
[Result "1-0"]
[WhiteElo "1776"]
[BlackElo "1248"]
[PlyCount "69"]
[EventDate "2021.07.09"]
[EventType "swiss"]
[EventRounds "6"]
[EventCountry "BRA"]
[SourceTitle "EXT 2022"]
[Source "ChessBase"]
[SourceDate "2021.10.06"]
[SourceVersion "1"]
[SourceVersionDate "2021.10.06"]
[SourceQuality "1"]

1. e4 c5 2. Nf3 a6 3. Nc3 Nc6 4. d4 cxd4 5. Nxd4 e5 6. Nf5 d6 7. Bc4 Bxf5 8. exf5 Nf6 9. 0-0 Be7 10. Be3 0-0 11. Nd5 Qd7 12. Nb6 Qxf5 13. Nxa8 Rxa8 14. c3 e4 15. Qb3 Ne5 16. Qxb7 Re8 17. Be2 d5 18. f3 exf3 19. Bxf3 Neg4 20. Bxg4 Qxg4 21. Rf3 Qc8 22. Qxc8 Rxc8 23. Bg5 Rb8 24. Bxf6 Bxf6 25. b3 Be5 26. Rd1 d4 27. cxd4 Bc7 28. Kf2 Bxh2 29. g3 Bxg3+ 30. Rxg3 Rc8 31. Re3 h6 32. d5 Rc2+ 33. Kf3 Rxa2 34. d6 a5 35. d7 1-0

[Event "Sao Bento do Sul op 05"]
[Site "Sao Bento do Sul"]
[Date "2021.05.08"]
[Round "4"]
[White "Ribeiro Carrico, Victor Hugo"]
[Black "De Freitas, Isabella Ribeiro Co"]
[Result "1/2-1/2"]
[WhiteElo "1753"]
[BlackElo "1908"]
[PlyCount "69"]
[EventDate "2021.05.07"]
[EventType "swiss"]
[EventRounds "6"]
[EventCountry "BRA"]
[SourceTitle "EXT 2022"]
[Source "ChessBase"]
[SourceDate "2021.10.06"]
[SourceVersion "1"]
[SourceVersionDate "2021.10.06"]
[SourceQuality "1"]

1. e4 c5 2. Nf3 e6 3. c4 Nf6 4. Nc3 d6 5. d4 cxd4 6. Nxd4 a6 7. Be2 Be7 8. 0-0 0-0 9. Be3 Nbd7 10. Rc1 Qc7 11. Qd2 b6 12. Rfd1 Bb7 13. f3 Rac8 14. Nc2 Rfd8 15. Bf4 Nf8 16. Ne3 Nh5 17. Bg3 Nxg3 18. hxg3 Nd7 19. Kf2 Nf6 20. Rh1 Qd7 21. Rcd1 Bc6 22. Rh3 d5 23. cxd5 Bc5 24. Bxa6 Ra8 25. Bd3 exd5 26. exd5 Bxd5 27. Ncxd5 Nxd5 28. Bxh7+ Kf8 29. Be4 Bxe3+ 30. Qxe3 Qxh3 31. Rxd5 Qe6 32. Qb3 Qf6 33. Qb4+ Kg8 34. Rh5 Ra5 35. Bh7+ 1/2-1/2

[Event "Santa Catarina State-ch 63rd"]
[Site "Timbo"]
[Date "2019.06.09"]
[Round "5"]
[White "Huttl, Marko Diego"]
[Black "Ribeiro Carrico, Victor Hugo"]
[Result "1/2-1/2"]
[WhiteElo "1568"]
[BlackElo "1775"]
[PlyCount "58"]
[EventDate "2019.06.07"]
[EventType "swiss"]
[EventRounds "6"]
[EventCountry "BRA"]
[SourceTitle "EXT 2020"]
[Source "ChessBase"]
[SourceDate "2019.10.17"]
[SourceVersion "1"]
[SourceVersionDate "2019.10.17"]
[SourceQuality "1"]

1. e4 e5 2. Nf3 Nc6 3. Bb5 Bc5 4. 0-0 Nf6 5. d3 d6 6. h3 0-0 7. c3 Bb6 8. Nbd2 Ne7 9. Re1 c6 10. Ba4 Ng6 11. Nf1 Re8 12. Ng3 Bd7 13. Bb3 Be6 14. Bc2 h6 15. d4 Qc7 16. Be3 Rad8 17. Qc1 d5 18. dxe5 Nxe4 19. Bxb6 axb6 20. Nxe4 dxe4 21. Bxe4 Bd5 22. Bxd5 Rxd5 23. Qc2 Nxe5 24. Nxe5 Rdxe5 25. Rxe5 Rxe5 26. Rd1 Qe7 27. Kf1 g6 28. Qd2 Kg7 29. Re1 Rxe1+ 1/2-1/2

[Event "Santa Catarina State-ch 63rd"]
[Site "Timbo"]
[Date "2019.06.09"]
[Round "6"]
[White "Leite, Gustavo De Paula"]
[Black "Ribeiro Carrico, Victor Hugo"]
[Result "0-1"]
[WhiteElo "1511"]
[BlackElo "1775"]
[PlyCount "36"]
[EventDate "2019.06.07"]
[EventType "swiss"]
[EventRounds "6"]
[EventCountry "BRA"]
[SourceTitle "EXT 2020"]
[Source "ChessBase"]
[SourceDate "2019.10.17"]
[SourceVersion "1"]
[SourceVersionDate "2019.10.17"]
[SourceQuality "1"]

1. e4 e5 2. Nf3 Nc6 3. Bc4 Nf6 4. 0-0 Nxe4 5. Re1 d5 6. Bb5 Bc5 7. d4 exd4 8. Nxd4 0-0 9. Bxc6 bxc6 10. Nc3 Nxf2 11. Kxf2 Qf6+ 12. Kg1 Bxd4+ 13. Kh1 Ba6 14. Bg5 Qf2 15. Qg4 Rae8 16. Rxe8 Rxe8 17. h4 Bf1 18. Bh6 Qg1# 0-1

[Event "Santa Catarina State-ch sf2 60th"]
[Site "Sao Bento do Sul"]
[Date "2014.04.06"]
[Round "6"]
[White "Rapouso, Ricardo Luis Borba"]
[Black "Ribeiro Carrico, Victor Hugo"]
[Result "1/2-1/2"]
[WhiteElo "1914"]
[BlackElo "1790"]
[PlyCount "82"]
[EventDate "2014.04.04"]
[EventType "swiss"]
[EventRounds "6"]
[EventCountry "BRA"]
[SourceTitle "CBM 160 Extra"]
[Source "ChessBase"]
[SourceDate "2014.07.01"]
[SourceVersion "1"]
[SourceVersionDate "2014.07.01"]
[SourceQuality "1"]

1. d4 Nf6 2. c4 g6 3. Nc3 Bg7 4. e4 d6 5. Be2 0-0 6. Bg5 c6 7. Qd2 e5 8. Nf3 Bg4 9. 0-0-0 Qa5 10. dxe5 dxe5 11. Bh6 Nbd7 12. Bxg7 Kxg7 13. Nh4 Be6 14. g4 b5 15. Rhg1 b4 16. g5 bxc3 17. gxf6+ Nxf6 18. Qc2 cxb2+ 19. Kb1 Rfd8 20. Nf5+ Kf8 21. Ne3 Rxd1+ 22. Rxd1 Rd8 23. Rxd8+ Qxd8 24. Qxb2 Qb6 25. Bd3 Qxb2+ 26. Kxb2 Ng4 27. Nxg4 Bxg4 28. c5 Ke7 29. Kc3 f5 30. Kb4 Bf3 31. exf5 e4 32. fxg6 exd3 33. gxh7 d2 34. h8Q d1Q 35. Qe5+ Kd7 36. Qf5+ Kc7 37. Qf7+ Kc8 38. Qf8+ Kb7 39. Qf7+ Ka6 40. Qc4+ Kb7 41. Qf7+ Ka6 1/2-1/2